000 01534cam a22004094a 4500
001 6908801
003 ARRUPE
005 20150914115323.0
008 080312s2009 enka b 001 0 eng
010 _a 2008011617
020 _a9780521517911 (hardback)
020 _a0521517915 (hardback)
024 _a40015926816
035 _a(OCoLC)ocn213489625
035 _a(OCoLC)213489625
_z(OCoLC)227031834
035 _a(NNC)6908801
040 _aDNLM/DLC
_cDLC
_dNLM
_dBTCTA
_dBAKER
_dYDXCP
_dC#P
042 _apcc
050 0 0 _aBF311
_b.S3784 2009
060 1 0 _aBF 311
_bS386c 2009
082 0 0 _a153
_222
100 1 _aSchulkin, Jay.
_914553
245 1 0 _aCognitive adaptation :
_ba pragmatist perspective /
_cJay Schulkin.
260 _aCambridge ;
_aNew York :
_bCambridge University Press,
_c2009.
300 _ax, 198 p. :
_bill. ;
_c24 cm.
504 _aIncludes bibliographical references (p. 155-189) and index.
505 0 _aCognitive adaptation, objects, and inquiry -- The human situation : uncertainty and adaptation -- Time and memory : historical sensibilities -- Education sensibilities -- An instinct for spiritual quests : quiet religion -- Conclusion : demythologized reason.
650 0 _aCognition.
_92049
650 0 _aAdaptation (Physiology)
_919815
650 0 _aNeuropsychology.
_914701
650 1 2 _aCognition.
_92049
650 2 2 _aAdaptation, Psychological.
_919816
650 2 2 _aPsychophysiology.
_919817
942 _2lcc
_cMONOGRAPH
948 1 _a20081103
_bc
_cvt2130
_dMPS
999 _c123399
_d123399